LIBRARY & INFORMATION CENTRE, KCAET, TAVANUR

ONLINE PUBLIC ACCESS CATALOGUE (OPAC)

Alternating currents / (Record no. 1358)

MARC details
000 -LEADER
fixed length control field 00385cam a2200157ua 4500
003 - CONTROL NUMBER IDENTIFIER
control field OSt
008 - FIXED-LENGTH DATA ELEMENTS--GENERAL INFORMATION
fixed length control field 241223b |||||||| |||| 00| 0 eng d
041 ## - LANGUAGE CODE
Language code of text/sound track or separate title eng
082 ## - DEWEY DECIMAL CLASSIFICATION NUMBER
Classification number 621.3133
Item number AGG/AL
100 ## - MAIN ENTRY--AUTHOR NAME
Personal name Agger, L. T .
245 ## - TITLE STATEMENT
Title Alternating currents /
250 ## - EDITION STATEMENT
Edition statement 3 /
260 ## - PUBLICATION, DISTRIBUTION, ETC. (IMPRINT)
Place of publication Melbourne :
Name of publisher MacMillan and Company Limited ,
Year of publication 1964.
300 ## - PHYSICAL DESCRIPTION
Number of Pages 264 ; .
942 ## - ADDED ENTRY ELEMENTS (KOHA)
Koha item type Books
Holdings
Withdrawn status Lost status Damaged status Home library Current library Date acquired Full call number Accession Number Koha item type
      KAUAET KAUAET 07/04/2012 621.3133 AGG/AL 3830 Books
      KAUAET KAUAET 07/04/2012 621.3133 AGG/AL 11733 Books
free website counter